Statistics for french administrative regions and capitals

Click here to take the quiz!

General Stats

  • This quiz has been taken 5 times
  • The average score is 15 of 26

Answers on the Map

Answers color-coded by a green-red scale on the quiz's map according to % correct below.
 

Answer Stats

Capital% Correct
Marseille
100%
Paris
100%
Centre-Val de Loire
80%
Corsica
80%
Île-de-France
80%
Ajaccio
60%
Bordeaux
60%
Bourgogne-Franche-Comté
60%
Dijon
60%
Grand Est
60%
Lille
60%
Lyon
60%
Normandy
60%
Nouvelle-Aquitaine
60%
Provence-Alpes-Côte d'Azur
60%
Toulouse
60%
Auvergne-Rhône-Alps
40%
Hauts-de-France
40%
Nantes
40%
Occitanie
40%
Orléans
40%
Pays de Loire
40%
Rennes
40%
Strasbourg
40%
Britanny
20%
Rouen
20%

Score Distribution

Percentile by Number Answered

Percent of People with Each Score

Your Score History

You have not taken this quiz